Miracle at Augusta : a novel /

A year ago Travis McKinley, an unknown golfing amateur, shocked the world by winning the PGA Senior Open at Pebble Beach. Now he makes his living playing golf in paradise, and everything should be perfect--but Travis can't shake the feeling that he's a fraud, an impostor who doesn't d...

Full description

Bibliographic Details
Main Authors: Patterson, James, 1947- (Author), De Jonge, Peter (Author)
Corporate Author: Hachette Audio (Firm)
Other Authors: Leyva, Henry (Narrator)
Format: CD Audio Book
Language:English
Published: [Ashland, Oregon] : New York, NY : Blackstone Audio, Inc. ; Hachette Audio, [2015]
Edition:Unabridged.
Subjects:

MARC

Tag First Indicator Second Indicator Subfields
LEADER 00000cim a2200000Ii 4500
001 in00003536708
005 20151105181810.0
007 sd fsngnnmmned
008 141023t20152015orunnnn f n eng d
019 |a 893454479 
020 |a 9781478959519  |q (library edition) 
020 |a 1478959517  |q (library edition) 
020 |a 9781478985952 
020 |a 147898595X 
024 3 |z 9781478985952 
028 0 1 |a Zbh5k  |b Blackstone Audio 
028 0 1 |a ZPbh5k  |b Blackstone Audio 
028 0 1 |a 2-X8595  |b Hachette Audio 
035 |a (OCoLC)ocn893975501 
035 |a (OCoLC)893975501  |z (OCoLC)893454479 
040 |a BLACP  |b eng  |e rda  |c BLACP  |d OCLCO  |d BTCTA  |d TEF  |d IK2  |d JP3  |d BLACP  |d OCLCO  |d UtOrBLW 
043 |a n-us-ga 
049 |a TXAM 
050 4 |a PS3566.A822  |b M57 2015ab 
082 0 4 |a 813/.54  |2 23 
090 |a PS3566.A822  |b M55 2015b 
100 1 |a Patterson, James,  |d 1947-  |e author. 
245 1 0 |a Miracle at Augusta :  |b a novel /  |c by James Patterson and Peter de Jonge. 
250 |a Unabridged. 
264 1 |a [Ashland, Oregon] :  |b Blackstone Audio, Inc. ;  |a New York, NY :  |b Hachette Audio,  |c [2015] 
264 4 |c ℗2015 
300 |a 4 audio discs (approximately 4.5 hr.) :  |b digital, CD audio ;  |c 4 3/4 in. 
306 |a 043000 
336 |a spoken word  |b spw  |2 rdacontent 
337 |a audio  |b s  |2 rdamedia 
338 |a audio disc  |b sd  |2 rdacarrier 
344 |a digital  |b optical  |g stereo  |2 rda 
347 |a audio file  |b CD audio  |2 rda 
500 |a Title from disc label. 
511 0 |a Read by Henry Leyva of the 2015 book. 
520 |a A year ago Travis McKinley, an unknown golfing amateur, shocked the world by winning the PGA Senior Open at Pebble Beach. Now he makes his living playing golf in paradise, and everything should be perfect--but Travis can't shake the feeling that he's a fraud, an impostor who doesn't deserve his success. Then Travis blows a tournament and is suspended for assaulting another player. His family and friends are shocked, and Travis realizes he needs to find his purpose. His quest leads him to befriend a young teenager with a passion for golf and a troubled past who teaches Travis what a miracle really looks like. 
650 0 |a Teenage boys  |v Fiction. 
650 0 |a Professional athletes  |v Fiction. 
650 0 |a Golfers  |v Fiction. 
650 0 |a Golf  |x Tournaments  |z Georgia  |z Augusta  |v Fiction. 
655 0 |a Golf stories. 
655 7 |a Audiobooks.  |2 lcgft 
700 1 |a De Jonge, Peter,  |e author. 
700 1 |a Leyva, Henry,  |e narrator. 
710 2 |a Hachette Audio (Firm) 
710 2 |a Blackstone Audio, Inc.,  |e publisher. 
948 |a cataloged  |b h  |c 2015/5/5  |d c  |e ceaton  |f 12:33:36 pm 
994 |a C0  |b TXA 
999 |a MARS 
999 f f |s 1375c07d-268f-3547-b13b-c71f29502b57  |i ece2effd-217d-3a7b-b37e-20d793276bda  |t 0 
952 f f |p ric  |a Texas A&M University  |b Rellis Campus  |c Joint Library Facility  |d Remote Storage  |t 0  |e PS3566.A822 M55 2015b  |h Library of Congress classification  |i audio -- audio disc  |m A14843098980 
998 f f |a PS3566.A822 M55 2015b  |t 0  |l Remote Storage